00514nam a22001817a 4500003000900000005001700009007000300026008003300029020001800062040002500080082001500105100002000120245003900140260004000179300001700219500006200236500003400298DO-SdBNP20220606093023.0ta210921b 2021 dr 00| 0 eng d a9789945505160 aDO-SdBNPbspacBNPHU 4axxxbC965p1 aCuevas, Ernesto1 aPalabras de vida /cErnesto Cuevas aSanto Domingo :bCentenario,c2021. av. ;c23 cm. aIncluye datos biográficosdel autor en la contracubierta aLa biblioteca posee el tomo I